[Event "Brønshøj Lang Weekend 2017"]
[Site "?"]
[Date "2017.02.11"]
[Round "3"]
[White "Nielsen, Henrik Wendelbo"]
[Black "Tandrup, Michael"]
[Result "0-1"]
[WhiteElo "1830"]
[BlackElo "1930"]
[PlyCount "122"]
[EventDate "2017.??.??"]

1. d4 Nf6 2. c4 c5 3. Nf3 e6 4. Nc3 d5 5. cxd5 exd5 6. g3 Nc6 7. Bg2 c4 8. O-O
Be7 9. Ne5 O-O 10. Nxc6 bxc6 11. e4 h6 12. e5 Ne8 13. f4 Bf5 14. g4 Bd3 15. Rf3
f6 16. e6 Nc7 17. f5 Nb5 18. Rxd3 cxd3 19. Nxb5 cxb5 20. Qxd3 Qb6 21. Be3 Rfd8
22. Qb3 Qd6 23. a3 Rac8 24. Rf1 Rc4 25. Qxb5 Rb8 26. Qxd5 Rc2 27. Qxd6 Bxd6 28.
b4 Re2 29. Bc1 Rc8 30. Bd5 Kf8 31. Bb3 Ke7 32. h4 Rc3 33. Bd1 Rg3+ 34. Kh1 Rh3+
35. Kg1 Ra2 36. Bf4 Bxf4 37. Rxf4 Rxh4 38. d5 Rd2 39. Bf3 Rh3 40. Bg2 Rxa3 41.
Rc4 Ra1+ 42. Kh2 Raa2 43. Rc7+ Kd8 44. Rd7+ Kc8 45. d6 Rxg2+ 46. Kh3 Rgc2 47.
Kh4 Rh2+ 48. Kg3 Rag2+ 49. Kf3 Rc2 50. Kg3 Rcg2+ 51. Kf3 Rf2+ 52. Kg3 Rc2 53.
Rxg7 Rhg2+ 54. Kf3 Rgf2+ 55. Kg3 h5 56. e7 Kd7 57. Rg8 Rg2+ 58. Kf3 hxg4+ 59.
Ke3 Rge2+ 60. Kd3 Rcd2+ 61. Kc3 Rxd6 0-1

[Event "Brønshøj Lang Weekend 2017"]
[Site "?"]
[Date "2017.02.11"]
[Round "3"]
[White "Mouritsen, Jan"]
[Black "Kokholm, Daniel"]
[Result "1/2-1/2"]
[WhiteElo "1917"]
[BlackElo "1858"]
[PlyCount "92"]
[EventDate "2017.??.??"]

1. e4 d6 2. Nc3 Nf6 3. f4 Bg4 4. Be2 Bxe2 5. Qxe2 c6 6. Nf3 e6 7. d4 d5 8. e5
Nfd7 9. O-O a6 10. f5 Be7 11. fxe6 fxe6 12. Ne1 g6 13. Qg4 Nf8 14. Bh6 Qd7 15.
Qf3 Bb4 16. Nd3 Bxc3 17. bxc3 Qe7 18. Nc5 b6 19. Bxf8 Rxf8 20. Qxf8+ Qxf8 21.
Rxf8+ Kxf8 22. Nxe6+ Ke7 23. Ng5 h6 24. Nf3 Nd7 25. g4 Rf8 26. Nh4 Rg8 27. Kf2
Ke6 28. Ke3 Rg7 29. Rf1 Rg8 30. Ng2 g5 31. Kd3 Rg7 32. Ne3 c5 33. Nf5 Rh7 34.
Ng3 Rg7 35. Nh5 Rg6 36. a4 c4+ 37. Ke3 Ke7 38. Kd2 Ke6 39. Ng3 Rg8 40. Nf5 Rh8
41. Ng7+ Ke7 42. Nh5 Ke6 43. Nf6 Rf8 44. Rb1 Nxf6 45. Rxb6+ Ke7 46. exf6+ Rxf6
1/2-1/2

[Event "Brønshøj Lang Weekend 2017"]
[Site "?"]
[Date "2017.02.11"]
[Round "3"]
[White "Olsen, Bjørn"]
[Black "Marshall, Michael O"]
[Result "0-1"]
[WhiteElo "1696"]
[BlackElo "1832"]
[PlyCount "96"]
[EventDate "2017.??.??"]

1. d4 Nf6 2. c4 e6 3. Nc3 Bb4 4. e3 b6 5. Nge2 Bb7 6. a3 Be7 7. d5 exd5 8. cxd5
d6 9. Ng3 O-O 10. e4 Nfd7 11. Be2 g6 12. O-O Bf6 13. Be3 Qe7 14. Qd2 a6 15.
Rac1 Nc5 16. b4 Nb3 17. Qc2 Nxc1 18. Rxc1 Nd7 19. f4 Bg7 20. Nd1 Rac8 21. Nf2
c5 22. dxc6 Rxc6 23. Qd3 Rxc1+ 24. Bxc1 Rc8 25. Bd2 h5 26. Bf3 Nf8 27. Ne2 Qf6
28. e5 Qe7 29. Bxb7 Qxb7 30. Qxd6 Ne6 31. Be3 Rd8 32. Qxb6 Qxb6 33. Bxb6 Rd2
34. Kf1 Ra2 35. Nd3 Rxa3 36. Nc5 Bf8 37. Nxe6 fxe6 38. Nd4 Kf7 39. Ba5 h4 40.
h3 Bh6 41. Ne2 Rb3 42. Kf2 Bf8 43. Nd4 Rb2+ 44. Kf3 Bxb4 45. Bc7 Bc5 46. Ne2
Ra2 47. Bd6 Bxd6 48. exd6 Rxe2 0-1

[Event "Brønshøj Lang Weekend 2017"]
[Site "?"]
[Date "2017.02.11"]
[Round "3"]
[White "Eiholt, Bjarne"]
[Black "Nielsen, Thomas"]
[Result "0-1"]
[WhiteElo "1589"]
[BlackElo "1922"]
[PlyCount "54"]
[EventDate "2017.??.??"]

1. d4 d5 2. c4 e6 3. Nc3 c5 4. cxd5 exd5 5. dxc5 d4 6. Ne4 Na6 7. Nf3 Nxc5 8.
Nxc5 Bxc5 9. g3 Nf6 10. Bg2 Qa5+ 11. Nd2 O-O 12. O-O Bb6 13. Nc4 Qb4 14. Nxb6
Qxb6 15. b3 Bg4 16. Bb2 Rad8 17. Qd3 Rfe8 18. Rfe1 Rd7 19. Rac1 Bh5 20. Bh3
Rdd8 21. Rc4 Qa5 22. b4 Qxa2 23. Bxd4 Bxe2 24. Rc2 Bxd3 25. Rxe8+ Rxe8 26. Rxa2
Re1+ 27. Kg2 Bf1+ 0-1

[Event "Brønshøj Lang Weekend 2017"]
[Site "?"]
[Date "2017.02.11"]
[Round "3"]
[White "Singh, Karamtej"]
[Black "Vinter, Christoffer"]
[Result "0-1"]
[WhiteElo "1877"]
[BlackElo "1589"]
[PlyCount "90"]
[EventDate "2017.??.??"]

1. e4 c5 2. Nf3 d6 3. d4 cxd4 4. Nxd4 a6 5. h3 Nc6 6. g4 e5 7. Ne2 Nf6 8. Bg2
h6 9. Nbc3 Be7 10. O-O g5 11. Ng3 Rb8 12. a4 Nd4 13. Be3 Ne6 14. a5 h5 15. Ba7
Ra8 16. Bb6 Qd7 17. Nf5 hxg4 18. hxg4 Nf4 19. f3 Qc6 20. Ne3 Be6 21. Kf2 Kd7
22. Na4 Rag8 23. c4 Ke8 24. c5 d5 25. exd5 Bxd5 26. Nc3 Be6 27. b4 Rh2 28. Rg1
Rgh8 29. Kg3 e4 30. Nxe4 Nxe4+ 31. fxe4 Qxe4 32. Ra3 Rxg2+ 33. Rxg2 Rh3+ 34.
Kf2 Rxe3 35. Rxe3 Qxg2+ 36. Ke1 Qh1+ 37. Kd2 Qg2+ 38. Ke1 Qh1+ 39. Kd2 Qd5+ 40.
Kc1 Qc4+ 41. Qc2 Qxc2+ 42. Kxc2 Nd5 43. Re4 Nxb6 44. axb6 Kd7 45. Kb2 Kc6 0-1

[Event "Brønshøj Lang Weekend 2017"]
[Site "?"]
[Date "2017.02.11"]
[Round "3"]
[White "Koch-Müller, Oscar"]
[Black "Larsen, Preben R"]
[Result "1-0"]
[WhiteElo "1644"]
[BlackElo "1823"]
[PlyCount "119"]
[EventDate "2017.??.??"]

1. e4 e5 2. f4 d5 3. exd5 exf4 4. Nf3 Nf6 5. d4 Nxd5 6. Bc4 g5 7. Ne5 Bg7 8.
Nxf7 Kxf7 9. Qh5+ Kf8 10. O-O Be6 11. g3 Bf7 12. Qf3 Bxd4+ 13. Kh1 Ne3 14. Bxe3
Bxc4 15. Bxf4 Bd5 16. Bd6+ Ke8 17. Re1+ Kd7 18. Qxd5 Kc8 19. Qxd4 cxd6 20. Nc3
Nc6 21. Qg4+ Kc7 22. Rad1 h5 23. Qe6 a6 24. Rf1 Re8 25. Rf7+ Kb8 26. Qxd6+ Qxd6
27. Rxd6 Nd8 28. Rh7 Ka7 29. Rxh5 Rc8 30. Rd5 g4 31. Rhg5 Rc4 32. Rde5 Rf8 33.
Re4 Rxe4 34. Nxe4 Rf1+ 35. Kg2 Re1 36. Rxg4 Re2+ 37. Nf2 Rxc2 38. h4 Nf7 39.
Rg7 Ne5 40. h5 Rxb2 41. h6 Rb6 42. h7 Rh6 43. g4 Kb6 44. Re7 Ng6 45. Re6+ Kc7
46. Rxg6 Rxh7 47. Re6 Kd7 48. Re1 b5 49. Ne4 Rg7 50. Nf6+ Kc6 51. Kf3 b4 52.
Re5 Rb7 53. g5 b3 54. axb3 Rxb3+ 55. Kf4 Kd6 56. Ne4+ Kc6 57. g6 Rb7 58. Kf5
Rb1 59. g7 Rg1 60. Ng5 1-0

[Event "Brønshøj Lang Weekend 2017"]
[Site "?"]
[Date "2017.02.11"]
[Round "3"]
[White "Dupont, Michael Kim"]
[Black "Jørgensen, Orla Eilegaard"]
[Result "0-1"]
[WhiteElo "1548"]
[BlackElo "1678"]
[PlyCount "34"]
[EventDate "2017.??.??"]

1. e4 b6 2. g3 Bb7 3. Bg2 e6 4. d3 Nf6 5. Nf3 Be7 6. O-O O-O 7. h3 c5 8. Nh2
Qc7 9. f4 d6 10. Ng4 Nbd7 11. f5 exf5 12. Rxf5 Nxg4 13. Qxg4 Nf6 14. Qh4 Nxe4
15. Bg5 Bxg5 16. Rxg5 Nxg5 17. Bxb7 Nxh3+ 0-1

[Event "Brønshøj Lang Weekend 2017"]
[Site "?"]
[Date "2017.02.11"]
[Round "3"]
[White "Liu, Casper Yukun"]
[Black "Koch-Müller, Jesper"]
[Result "1-0"]
[WhiteElo "1765"]
[BlackElo "1172"]
[PlyCount "71"]
[EventDate "2017.??.??"]

1. e4 e5 2. Bc4 Nf6 3. d4 d5 4. exd5 Nxd5 5. dxe5 Be6 6. Ne2 Be7 7. O-O Nc6 8.
f4 f5 9. Bb5 Bc5+ 10. Kh1 O-O 11. Bxc6 bxc6 12. Nd4 Qd7 13. Nb3 Be3 14. c4 Bxc1
15. cxd5 Bxb2 16. dxe6 Qxd1 17. Rxd1 Bxa1 18. Nxa1 Rad8 19. Rd7 Rb8 20. Nb3
Rfd8 21. N1d2 Rxd7 22. exd7 Rd8 23. e6 Kf8 24. Nd4 Ke7 25. Nxc6+ Kxe6 26. Nxd8+
Kxd7 27. Nf7 c5 28. Ne5+ Ke6 29. Kg1 Kd5 30. Kf2 Kd4 31. Nb3+ Kc3 32. Nxc5 a5
33. Nb3 a4 34. Nc5 a3 35. Ne6 Kb2 36. Nc4+ 1-0

[Event "Brønshøj Lang Weekend 2017"]
[Site "?"]
[Date "2017.02.12"]
[Round "4"]
[White "Reimanis, Ritvars"]
[Black "Jacobsen, Mikkel Manosri"]
[Result "1-0"]
[WhiteElo "2261"]
[BlackElo "2300"]
[PlyCount "89"]
[EventDate "2017.??.??"]

1. d4 f5 2. Bg5 g6 3. Nc3 d5 4. Nf3 Bg7 5. e3 c6 6. h4 Qb6 7. a3 Nd7 8. Bf4
Ngf6 9. Ne5 Ne4 10. Nxd7 Bxd7 11. Nxe4 dxe4 12. b4 a5 13. c3 Be6 14. Be2 Kf7
15. g4 axb4 16. gxf5 Bxf5 17. axb4 Be6 18. O-O Bf6 19. Bg3 Rxa1 20. Qxa1 h5 21.
Qb1 Bf5 22. Qa2+ Kg7 23. Ra1 Qd8 24. Qa7 Qd7 25. Kf1 Bg4 26. Qc5 Rf8 27. Ra7
Bxh4 28. Bxh4 Bxe2+ 29. Ke1 Rf5 30. Qxe7+ Qxe7 31. Bxe7 Ba6 32. Bd6 h4 33. c4
h3 34. d5 Kf7 35. dxc6 Ke6 36. c7 Kd7 37. Ra8 b5 38. Rxa6 Rf8 39. cxb5 Rh8 40.
Bh2 g5 41. Rg6 Ra8 42. Rg7+ Ke6 43. Kd2 Kd5 44. Kc3 g4 45. Rd7+ 1-0

[Event "Brønshøj Lang Weekend 2017"]
[Site "?"]
[Date "2017.02.12"]
[Round "4"]
[White "Sørensen, Per Settergren"]
[Black "Akdag, Dara Sevkan"]
[Result "0-1"]
[WhiteElo "1979"]
[BlackElo "2188"]
[PlyCount "122"]
[EventDate "2017.??.??"]

1. e4 c5 2. Nf3 d6 3. d4 cxd4 4. Nxd4 Nf6 5. Nc3 g6 6. Be3 Bg7 7. f3 a6 8. Qd2
Nbd7 9. Be2 Ne5 10. O-O O-O 11. a4 Qc7 12. b3 e6 13. Rad1 Rd8 14. h3 Bd7 15.
Bd3 Rac8 16. Nde2 d5 17. exd5 exd5 18. Rc1 Be6 19. Nd1 Ne4 20. fxe4 dxe4 21.
Nf2 exd3 22. cxd3 Qd7 23. d4 Rxc1 24. Qxc1 Nc6 25. Ne4 Nxd4 26. Nxd4 Bxd4 27.
Nf6+ Bxf6 28. Rxf6 Qd1+ 29. Qxd1 Rxd1+ 30. Rf1 Rd3 31. Bb6 Bxb3 32. a5 Bd5 33.
Rf2 f5 34. Bc5 Kf7 35. Re2 Be4 36. Bf2 Ke6 37. Rb2 Ra3 38. Bb6 Kd6 39. Kf2 Kd5
40. Kg1 Kc4 41. Bd8 Rd3 42. Bb6 Kc3 43. Ra2 Rd1+ 44. Kh2 Bc2 45. Bc5 Rd2 46.
Ra1 Be4 47. Rg1 Ra2 48. Bb6 f4 49. Rc1+ Kb4 50. Rg1 f3 51. Kg3 fxg2 52. Kf4 Bd3
53. Rd1 Bc4 54. Rb1+ Bb3 55. h4 Rxa5 56. Bxa5+ Kxa5 57. Kg3 Kb4 58. Kxg2 a5 59.
Re1 a4 60. Re7 Bd5+ 61. Kf2 a3 0-1

[Event "Brønshøj Lang Weekend 2017"]
[Site "?"]
[Date "2017.02.12"]
[Round "4"]
[White "Moe, Mogens"]
[Black "Nielsen, Viktor Haarmark"]
[Result "0-1"]
[WhiteElo "2162"]
[BlackElo "2232"]
[PlyCount "124"]
[EventDate "2017.??.??"]

1. e4 e5 2. Nf3 Nc6 3. d4 exd4 4. Nxd4 Bc5 5. Nb3 Bb6 6. Nc3 Nf6 7. a4 a5 8.
Bb5 O-O 9. O-O Ne5 10. Bf4 d6 11. Bg3 c6 12. Be2 Be6 13. Nd4 Re8 14. Nxe6 Rxe6
15. Kh1 Ng6 16. f4 Re8 17. Bf3 Be3 18. f5 Ne5 19. Bh4 Qe7 20. Qe2 Bc5 21. Rad1
Rad8 22. b3 h6 23. Na2 Nxf3 24. gxf3 d5 25. Nc1 dxe4 26. Rxd8 Qxd8 27. fxe4 Qd4
28. Bxf6 Qxf6 29. Nd3 Bd4 30. Qf3 Qh4 31. Re1 Qf6 32. Qf4 Be5 33. Qg4 Rd8 34.
Qg2 Rd4 35. Re2 Qd6 36. Qf3 b5 37. axb5 cxb5 38. Kg2 a4 39. bxa4 bxa4 40. Nxe5
Qxe5 41. Qc3 Kh7 42. Kf3 f6 43. Qe3 Rc4 44. Kg2 Rc3 45. Qa7 a3 46. Kh1 Qc7 47.
Qg1 Qf7 48. Qd4 Qc4 49. Qg1 a2 50. Qg6+ Kh8 51. Qe8+ Qg8 52. Qa4 Rc8 53. Re1
Qc4 54. Qd7 Ra8 55. Ra1 Qxe4+ 56. Kg1 Qe5 57. Qd1 Qxf5 58. Qc1 Qc5+ 59. Kg2 Qc3
60. Kf2 Ra5 61. h4 Rf5+ 62. Ke2 Qf3+ 0-1

[Event "Brønshøj Lang Weekend 2017"]
[Site "?"]
[Date "2017.02.12"]
[Round "4"]
[White "Petersen, Steen Brustrup"]
[Black "Rostgaard, Tobias Valentin"]
[Result "0-1"]
[WhiteElo "2138"]
[BlackElo "2353"]
[PlyCount "64"]
[EventDate "2017.??.??"]

1. e4 c5 2. Nf3 g6 3. d4 cxd4 4. Nxd4 Nf6 5. Nc3 d6 6. Be3 Bg7 7. f3 O-O 8. Qd2
Nc6 9. Bc4 Bd7 10. O-O-O Rc8 11. Bb3 Nxd4 12. Bxd4 b5 13. Qe3 b4 14. Nd5 Nxd5
15. exd5 a5 16. Bxg7 Kxg7 17. Rd4 Bb5 18. Rh4 h5 19. Rxh5 Rh8 20. Rxh8 Qxh8 21.
Qd4+ Kh7 22. Qh4+ Kg8 23. Qxe7 Qd4 24. Rd1 Qc5 25. Qe4 a4 26. Qd4 axb3 27. Qxc5
dxc5 28. cxb3 Kf8 29. d6 Bd7 30. a4 Ke8 31. g4 Be6 32. Kc2 Kd7 0-1

[Event "Brønshøj Lang Weekend 2017"]
[Site "?"]
[Date "2017.02.12"]
[Round "4"]
[White "Haubro, Martin"]
[Black "Andersen, Rune"]
[Result "1-0"]
[WhiteElo "2351"]
[BlackElo "2119"]
[PlyCount "107"]
[EventDate "2017.??.??"]

1. e4 c5 2. Nf3 Nc6 3. d4 cxd4 4. Nxd4 Nf6 5. Nc3 e5 6. Ndb5 d6 7. Bg5 a6 8.
Na3 b5 9. Nd5 Be7 10. Bxf6 Bxf6 11. c4 b4 12. Nc2 Rb8 13. b3 Bg5 14. g3 O-O 15.
h4 Bh6 16. Bh3 Be6 17. Kf1 g6 18. h5 Bg7 19. hxg6 Bxh3+ 20. Rxh3 fxg6 21. Kg2
Qd7 22. Qe2 Rf7 23. Rhh1 a5 24. Rad1 Rbf8 25. Rhf1 h5 26. Rd3 Bh6 27. c5 Qe6
28. cxd6 Qxd6 29. Ndxb4 Nd4 30. Nxd4 Qxb4 31. Nf3 Qb5 32. Nh4 Kh7 33. Re3 Qc5
34. Rf3 Bg5 35. Rxf7+ Rxf7 36. Nf3 Bd8 37. Qc4 Qxc4 38. bxc4 Re7 39. Rd1 Bc7
40. a4 Kg7 41. Rd5 Kf6 42. Rc5 Bb6 43. Rb5 Bc7 44. Nd2 Rd7 45. Rd5 Rd6 46. Kf3
g5 47. Nf1 Rb6 48. Rb5 Rxb5 49. cxb5 Bb6 50. Ne3 Ke6 51. Nc4 Bd8 52. b6 h4 53.
gxh4 gxh4 54. Kg4 1-0

[Event "Brønshøj Lang Weekend 2017"]
[Site "?"]
[Date "2017.02.12"]
[Round "4"]
[White "Brinck-Claussen, Bjørn"]
[Black "Thomsen, Kim R"]
[Result "1-0"]
[WhiteElo "2226"]
[BlackElo "1957"]
[PlyCount "61"]
[EventDate "2017.??.??"]

1. d4 Nf6 2. c4 e6 3. Nc3 Bb4 4. e3 O-O 5. Bd3 d6 6. Nge2 c5 7. O-O Nc6 8. Bd2
Re8 9. a3 Ba5 10. Qc2 Qe7 11. Rad1 h6 12. f4 cxd4 13. Nxd4 Nxd4 14. exd4 Bb6
15. Ne2 e5 16. fxe5 dxe5 17. Bb4 Qd8 18. c5 Bc7 19. dxe5 Nd7 20. Bc4 Kh8 21.
Bxf7 Rxe5 22. Nf4 Rg5 23. c6 Bxf4 24. cxd7 Be3+ 25. Kh1 Bxd7 26. Qd3 Rxg2 27.
Kxg2 Qg5+ 28. Kh1 Bc6+ 29. Bd5 Rd8 30. Rf8+ Rxf8 31. Bxf8 1-0

[Event "Brønshøj Lang Weekend 2017"]
[Site "?"]
[Date "2017.02.12"]
[Round "4"]
[White "Christensen, Lasse"]
[Black "Olsen, Michael Richard W"]
[Result "1-0"]
[WhiteElo "2163"]
[BlackElo "1986"]
[PlyCount "113"]
[EventDate "2017.??.??"]

1. Nf3 d5 2. g3 c5 3. Bg2 Nc6 4. d4 cxd4 5. Nxd4 Nf6 6. O-O e6 7. c4 Be7 8. Nc3
O-O 9. e4 Nxd4 10. Qxd4 dxe4 11. Qd1 Qd3 12. Qb3 Qd6 13. Bg5 Qe5 14. Nxe4 h6
15. Nxf6+ Bxf6 16. Bxf6 Qxf6 17. Rad1 Qe7 18. Rd2 Rb8 19. Rfd1 e5 20. Qe3 b6
21. Re1 Qb4 22. Bd5 Bb7 23. a3 Qa4 24. Qf3 Bxd5 25. cxd5 Rfe8 26. Qf5 e4 27.
Rde2 Rbd8 28. Rxe4 Rxe4 29. Qxe4 Qxe4 30. Rxe4 Rxd5 31. Re8+ Kh7 32. Re7 a5 33.
Re3 Rb5 34. b3 Rc5 35. Kg2 Kg6 36. Kf3 Rh5 37. Rc3 Rxh2 38. Rc6+ f6 39. Rxb6 h5
40. Rb5 a4 41. bxa4 h4 42. a5 hxg3 43. Kxg3 Rh8 44. a6 Ra8 45. Ra5 Ra7 46. Kf4
Kf7 47. Ke4 Ke6 48. Kd4 Kd6 49. Kc4 Kc6 50. Kb4 Kb6 51. Rb5+ Kxa6 52. Ra5+ Kb6
53. Rxa7 Kxa7 54. Kc5 Ka6 55. Kd5 Ka5 56. Ke6 Ka4 57. Kf7 1-0

[Event "Brønshøj Lang Weekend 2017"]
[Site "?"]
[Date "2017.02.12"]
[Round "4"]
[White "Tandrup, Michael"]
[Black "Nielsen, Thomas Bach"]
[Result "0-1"]
[WhiteElo "1930"]
[BlackElo "2163"]
[PlyCount "104"]
[EventDate "2017.??.??"]

1. d4 f5 2. g3 Nf6 3. Bg2 g6 4. Nf3 d6 5. O-O Bg7 6. b3 O-O 7. Bb2 Nc6 8. Na3
a6 9. d5 Nb4 10. Ng5 c6 11. c4 h6 12. Ne6 Bxe6 13. dxe6 Qc8 14. Qd2 a5 15. Rae1
Qxe6 16. e4 fxe4 17. Bxf6 Qxf6 18. Rxe4 Qb2 19. Qxb2 Bxb2 20. Nb1 e5 21. a3 Na6
22. Rd1 Bd4 23. Re2 Rf6 24. Nd2 Rd8 25. Nf3 Bb6 26. Red2 e4 27. Nd4 d5 28. Nc2
Nc5 29. Ne3 Nxb3 30. Rb2 a4 31. cxd5 Bxe3 32. fxe3 Rxd5 33. Re1 Re5 34. Rd1 b5
35. Rd7 Rd5 36. Rxd5 cxd5 37. Bf1 Rb6 38. Rc2 Kf7 39. Rc7+ Ke6 40. Bh3+ Kd6 41.
Rd7+ Kc5 42. Rc7+ Rc6 43. Rb7 Na5 44. Rb8 Nc4 45. Bd7 Rb6 46. Rc8+ Kd6 47. Be8
Nxa3 48. Bxg6 Nc4 49. Kf2 a3 50. Ra8 b4 51. Bf7 b3 52. Rd8+ Ke7 0-1

[Event "Brønshøj Lang Weekend 2017"]
[Site "?"]
[Date "2017.02.12"]
[Round "4"]
[White "Kragh, Niels Kristian Ø"]
[Black "Grove, Peter"]
[Result "1/2-1/2"]
[WhiteElo "2117"]
[BlackElo "2170"]
[PlyCount "59"]
[EventDate "2017.??.??"]

1. e4 e6 2. d4 d5 3. Nd2 dxe4 4. Nxe4 Nd7 5. Nf3 Ngf6 6. Nxf6+ Nxf6 7. Bd3 Bd7
8. O-O c5 9. Bg5 Bc6 10. c3 Be7 11. dxc5 Bxc5 12. Ne5 Qd5 13. Nxc6 Qxg5 14. Nd4
O-O 15. Qf3 Bxd4 16. cxd4 b6 17. Rac1 Rad8 18. Rcd1 Rd7 19. Rfe1 Rfd8 20. Bc4
h6 21. Qe3 Qh4 22. g3 Qh5 23. Be2 Qd5 24. b3 Qa5 25. a4 Nd5 26. Qe5 Qb4 27. Bc4
Nf6 28. Kg2 Qa5 29. Qxa5 bxa5 30. Re5 1/2-1/2

[Event "Brønshøj Lang Weekend 2017"]
[Site "?"]
[Date "2017.02.12"]
[Round "4"]
[White "Christensen, Esben"]
[Black "Thorsbro, Peter"]
[Result "1/2-1/2"]
[WhiteElo "2055"]
[BlackElo "2207"]
[PlyCount "62"]
[EventDate "2017.??.??"]

1. e4 c6 2. Nf3 d5 3. Nc3 Bg4 4. h3 Bxf3 5. Qxf3 e6 6. g3 Nf6 7. Bg2 Be7 8. O-O
O-O 9. d3 a5 10. Ne2 Na6 11. a3 Nc5 12. e5 Nfd7 13. d4 Na6 14. Qd3 b5 15. Kh2
Rb8 16. f4 f6 17. exf6 Nxf6 18. Ng1 Bd6 19. Nf3 Qe7 20. Re1 Nc7 21. Ne5 Bxe5
22. Rxe5 Qf7 23. Bd2 Nd7 24. Re2 b4 25. axb4 axb4 26. Ra4 c5 27. Qe3 Nb6 28.
Ra7 Nc4 29. Qb3 Nxd2 30. Rxd2 c4 31. Qa4 Rfe8 1/2-1/2

[Event "Brønshøj Lang Weekend 2017"]
[Site "?"]
[Date "2017.02.12"]
[Round "4"]
[White "Marshall, Michael O"]
[Black "Andersen, Søren Mikkel"]
[Result "0-1"]
[WhiteElo "1832"]
[BlackElo "2088"]
[PlyCount "68"]
[EventDate "2017.??.??"]

1. c4 c6 2. g3 d5 3. Bg2 Nf6 4. Nf3 dxc4 5. Na3 b5 6. O-O e6 7. b3 Qa5 8. Nc2
cxb3 9. axb3 Qb6 10. Bb2 Nbd7 11. d4 Bb7 12. b4 Be7 13. Re1 O-O 14. e4 a5 15.
bxa5 Rxa5 16. Rxa5 Qxa5 17. Qd3 Rd8 18. Bc3 Qb6 19. Ra1 b4 20. Bb2 c5 21. Nd2
cxd4 22. Bxd4 Nc5 23. Bxc5 Bxc5 24. Qe2 Bxf2+ 25. Kh1 Bc5 26. Rb1 Ba6 27. Nc4
Qb5 28. Bf1 Nxe4 29. N2a3 Qc6 30. Bg2 bxa3 31. Bxe4 Qa4 32. Bd3 a2 33. Ra1 Rxd3
34. Qxd3 Bb7+ 0-1

[Event "Brønshøj Lang Weekend 2017"]
[Site "?"]
[Date "2017.02.12"]
[Round "4"]
[White "Frank-Nielsen, Marie"]
[Black "Møller, Arne Vagn"]
[Result "1-0"]
[WhiteElo "1958"]
[BlackElo "1852"]
[PlyCount "59"]
[EventDate "2017.??.??"]

1. e4 c5 2. Nf3 d6 3. d4 cxd4 4. Nxd4 Nf6 5. Nc3 a6 6. f3 e5 7. Nb3 Be6 8. Be3
Be7 9. Qd2 O-O 10. O-O-O b5 11. g4 Qc7 12. Nd5 Bxd5 13. exd5 a5 14. Kb1 a4 15.
Nc1 Qb7 16. h4 Na6 17. g5 Nd7 18. h5 Rab8 19. Bh3 Nb6 20. Bxb6 Qxb6 21. g6 Bf6
22. Rdg1 h6 23. gxf7+ Kxf7 24. Qg2 b4 25. Qg6+ Ke7 26. Qf5 Qc7 27. f4 Nc5 28.
Nd3 Bg5 29. Qh7 exf4 30. Qxg7+ 1-0

[Event "Brønshøj Lang Weekend 2017"]
[Site "?"]
[Date "2017.02.12"]
[Round "4"]
[White "Hultin Rasmussen, Steen"]
[Black "Mouritsen, Jan"]
[Result "1-0"]
[WhiteElo "1880"]
[BlackElo "1917"]
[PlyCount "85"]
[EventDate "2017.??.??"]

1. e4 g6 2. d4 Bg7 3. Nc3 d6 4. Nf3 a6 5. Be3 b5 6. Bd3 Bb7 7. O-O Nd7 8. Qe2
c5 9. dxc5 Nxc5 10. Rad1 Qc7 11. Bd4 e5 12. Be3 b4 13. Nd5 Bxd5 14. exd5 Nxd3
15. Qxd3 Nf6 16. Qb3 a5 17. a3 bxa3 18. Qxa3 O-O 19. c3 Ng4 20. Bc1 Rfc8 21.
Qa4 h5 22. h3 Nh6 23. Ng5 Nf5 24. Rfe1 Qc4 25. Re4 Qc7 26. Qa3 Bh6 27. Ra4 Qd8
28. Ne4 Bxc1 29. Rxc1 Qc7 30. Ra1 Rcb8 31. Qa2 Qb6 32. b4 Ne7 33. Rxa5 Rxa5 34.
bxa5 Qa6 35. c4 f5 36. Nf6+ Kg7 37. Nd7 Rc8 38. Nb6 Rc5 39. Qa4 Nc8 40. Qd7+
Kh6 41. Rb1 Nxb6 42. Qxd6 Qxa5 43. Rxb6 1-0

[Event "Brønshøj Lang Weekend 2017"]
[Site "?"]
[Date "2017.02.12"]
[Round "4"]
[White "Stage-Steffensen, Sander"]
[Black "Nielsen, Henrik Wendelbo"]
[Result "1-0"]
[WhiteElo "1916"]
[BlackElo "1830"]
[PlyCount "45"]
[EventDate "2017.??.??"]

1. e4 c6 2. Nf3 d5 3. Nc3 dxe4 4. Nxe4 Nf6 5. Ng3 Qc7 6. Bc4 Nbd7 7. d4 Nb6 8.
Bb3 Nbd5 9. O-O Bg4 10. h3 Bxf3 11. Qxf3 e6 12. c4 Nb4 13. a3 Na6 14. c5 O-O-O
15. Bf4 Qd7 16. Bc4 Nc7 17. Be5 Be7 18. b4 h5 19. a4 h4 20. Ne2 Ncd5 21. b5 g5
22. bxc6 Qe8 23. cxb7+ 1-0

[Event "Brønshøj Lang Weekend 2017"]
[Site "?"]
[Date "2017.02.12"]
[Round "4"]
[White "Kristensen, Lars Østergård"]
[Black "Marthedal, Anton Mehmet Yildiz"]
[Result "0-1"]
[WhiteElo "1709"]
[BlackElo "1910"]
[PlyCount "44"]
[EventDate "2017.??.??"]

1. d4 d5 2. c4 dxc4 3. e3 Nf6 4. Bxc4 a6 5. Nc3 b5 6. Be2 e6 7. Nf3 Be7 8. O-O
O-O 9. Ne5 c5 10. dxc5 Bxc5 11. Nd3 Bb6 12. a4 bxa4 13. Nxa4 Bb7 14. Nxb6 Qxb6
15. Bd2 Nc6 16. Qa4 Rfd8 17. Bc3 Nd5 18. Rac1 Nxe3 19. Rfe1 Nxg2 20. Qg4 Nd4
21. Bf1 Nh4 22. Bxd4 Rxd4 0-1

[Event "Brønshøj Lang Weekend 2017"]
[Site "?"]
[Date "2017.02.12"]
[Round "4"]
[White "Nielsen, Thomas"]
[Black "Liu, Casper Yukun"]
[Result "1-0"]
[WhiteElo "1922"]
[BlackElo "1765"]
[PlyCount "63"]
[EventDate "2017.??.??"]

1. d4 Nf6 2. c4 c5 3. d5 e5 4. Nc3 d6 5. e4 Be7 6. Be2 Nbd7 7. Be3 Nf8 8. h4 h6
9. a3 N6h7 10. g3 Ng6 11. Qd2 O-O 12. h5 Nh8 13. O-O-O f5 14. f4 Nf6 15. fxe5
dxe5 16. d6 Nxe4 17. Nxe4 fxe4 18. Qd5+ Nf7 19. dxe7 Qxe7 20. Bxc5 Qg5+ 21. Qd2
Rd8 22. Qxg5 Rxd1+ 23. Bxd1 Nxg5 24. Be3 Nf7 25. Ne2 Nd6 26. c5 Nc4 27. Bb3 Be6
28. Bxc4 Bxc4 29. Nc3 Bd3 30. Rh4 Rf8 31. Nxe4 Rf3 32. Kd2 1-0

[Event "Brønshøj Lang Weekend 2017"]
[Site "?"]
[Date "2017.02.12"]
[Round "4"]
[White "Kokholm, Daniel"]
[Black "Jørgensen, Orla Eilegaard"]
[Result "1/2-1/2"]
[WhiteElo "1858"]
[BlackElo "1678"]
[PlyCount "23"]
[EventDate "2017.??.??"]

1. f4 c5 2. Nf3 d5 3. g3 Nc6 4. Bg2 Nf6 5. d3 Bg4 6. Nbd2 Qc7 7. h3 Bd7 8. c4
e6 9. a3 Nh5 10. cxd5 exd5 11. Nf1 Bd6 12. e3 1/2-1/2

[Event "Brønshøj Lang Weekend 2017"]
[Site "?"]
[Date "2017.02.12"]
[Round "4"]
[White "Vinter, Christoffer"]
[Black "Andersen, Daniel"]
[Result "0-1"]
[WhiteElo "1589"]
[BlackElo "1858"]
[PlyCount "32"]
[EventDate "2017.??.??"]

1. e4 c5 2. Nf3 d6 3. d4 cxd4 4. Nxd4 Nf6 5. Nc3 g6 6. Bd3 Bg7 7. Be3 O-O 8.
Qd2 Ng4 9. O-O-O Nxe3 10. fxe3 Nc6 11. Nf3 Qb6 12. Na4 Qb4 13. Qxb4 Nxb4 14.
Kb1 Bd7 15. Nc3 Nxd3 16. Rxd3 Rac8 0-1

[Event "Brønshøj Lang Weekend 2017"]
[Site "?"]
[Date "2017.02.12"]
[Round "4"]
[White "Ozcan, Güney"]
[Black "Koch-Müller, Oscar"]
[Result "0-1"]
[WhiteElo "1857"]
[BlackElo "1644"]
[PlyCount "86"]
[EventDate "2017.??.??"]

1. e4 e5 2. Nf3 Nc6 3. d4 exd4 4. Bc4 Bc5 5. c3 d6 6. cxd4 Bb6 7. O-O Bg4 8.
Qb3 Qd7 9. e5 Bxf3 10. e6 fxe6 11. Bxe6 Qe7 12. Re1 Kd8 13. Qxf3 Nf6 14. Bd2
Bxd4 15. Bc8 Ne5 16. Rxe5 Qxe5 17. Bxb7 Bxb2 18. Bc3 Bxc3 19. Nxc3 Rb8 20. Bc6
Rf8 21. Rd1 Nd7 22. Qh3 Qf5 23. Qh4+ g5 24. Qd4 Qc5 25. Qd2 Qxc6 26. Qxg5+ Kc8
27. Nd5 Kb7 28. Rc1 Nc5 29. Ne7 Qe4 30. f3 Qd4+ 31. Kh1 Rbe8 32. Rb1+ Ka8 33.
Nd5 Na6 34. Ne7 Rb8 35. Rc1 Qe5 36. Qh4 Qf4 37. Qe1 Rfe8 38. Qc3 Rxe7 39. Qc6+
Rb7 40. Rb1 Nb4 41. Qa4 Qe5 42. g3 Qd5 43. Qa3 Nc2 0-1